Kapitalizmus v globálnej ekonomike oklieštil bohatstvo
Mechanizmus fungovania centrálnych bánk. Funkcie peňazí, peňažný trh. Menová politika. Prepad ekonomiky, makroekonomické ukazovatele. Systém regulácie a kontroly finančného trhu. Bankový sektor monitorovaný a regulovaný novými celoeurópskymi orgánmi. Ekonomika štátneho kapitalizmu. Zmierňovanie dopa...
Guardado en:
| Autor principal: | |
|---|---|
| Formato: | Capítulo de libro |
| Lenguaje: | eslovaco |
| Materias: | |
| Etiquetas: |
Sin Etiquetas, Sea el primero en etiquetar este registro!
|
MARC
| LEADER | 00000naa$a2200000$$$4500 | ||
|---|---|---|---|
| 001 | 0098968 | ||
| 005 | 20231006123339.0 | ||
| 041 | 0 | |a slo | |
| 044 | |a SK | ||
| 245 | 1 | 0 | |a Kapitalizmus v globálnej ekonomike oklieštil bohatstvo |c Róbert Hölcz |
| 520 | |a Mechanizmus fungovania centrálnych bánk. Funkcie peňazí, peňažný trh. Menová politika. Prepad ekonomiky, makroekonomické ukazovatele. Systém regulácie a kontroly finančného trhu. Bankový sektor monitorovaný a regulovaný novými celoeurópskymi orgánmi. Ekonomika štátneho kapitalizmu. Zmierňovanie dopadov celosvetovej hospodárskej krízy. Slovenská ekonomika a opatrenia vlády. | ||
| 610 | 2 | 0 | |a banky centrálne |
| 610 | 2 | 0 | |a politika fiškálna |
| 610 | 2 | 0 | |a trh finančný medzinárodný |
| 610 | 2 | 0 | |a politika menová |
| 610 | 2 | 0 | |a ukazovatele makroekonomické |
| 610 | 2 | 0 | |a Európska únia |
| 610 | 2 | 0 | |a inflácia |
| 610 | 2 | 0 | |a trh peňažný |
| 610 | 2 | 0 | |a kríza hospodárska |
| 610 | 2 | 0 | |a Slovensko |
| 610 | 2 | 0 | |a globalizácia |
| 610 | 2 | 0 | |a USA |
| 100 | 1 | |a Hölcz, Róbert | |